000 01559nam a2200421 i 4500
001 13113
003 KOSZ 005
005 20210507124047.0
008 070608s1970 pl a f 001 0 pol
015 _aPB 1971/1562
040 _aWA N
_cWA N
_dKOSZ 005/RW
_dKOSZ 005/HR
041 1 _apol
_hrus
046 _k1970
080 _a62-5
080 _a621.313
080 _a621.37
100 1 _aDunaevskij, Solomon Âkovlevič.
_eAutor
245 1 0 _aModelowanie elementów układów elektromechanicznych /
_cS. Ja. Dunajewski, O. A. Kryłow, Ł. W. Mazija ; tł. z ros. Swietozar Sorokowski.
246 1 _iTyt. oryg.:
_aModelirovanie èlementov èlektromehaničeskih sistem.
260 _aWarszawa :
_bWydawnictwa Naukowo-Techniczne,
_c1970.
300 _a290, [1] s. :
_bil. ;
_c23 cm.
336 _2rdacontent
_aTekst
_btxt
337 _2rdamedia
_aBez urządzenia pośredniczącego
_bn
338 _2rdacarrier
_aWolumin
_bnc
380 _aKsiążki
388 _a1901-2000
388 _a1945-1989
504 _aBibliogr. s. 284-[287]. Indeks.
650 4 _aNapęd elektryczny
650 4 _aUkłady elektromechaniczne
658 _aInżynieria i technika
700 1 _aKrylov, Oleg Alekseevič.
_eAutor
700 1 _aMaziâ, Lev Veniaminovič.
_eAutor
710 2 _aWydawnictwa Naukowo-Techniczne
_4pbl.
700 1 _aSorokowski, Świetozar
_eTłumaczenie
856 _uhttp://koha.tu.koszalin.pl/cgi-bin/koha/opac-detail.pl?biblionumber=13113
_yKatalog online BPK
942 _2UKD
_cKS
999 _c13113
_d13113